000 00519nam a22001937a 4500
003 OSt
005 20250616095532.0
008 250616b |||||||| |||| 00| 0 eng d
020 _a9781305082144
040 _aKABU
_cKABU
050 _aQD251.2
_b.M43 2016
100 _aMcMurry, John
245 _aStudy guide and student solutions manual for organic chemistry /
_cJohn McMurry
250 _a9th ed.
260 _aBoston:
_bCengage,
_c2016
300 _avi, 1116p.
650 _aOrganic chemistry
942 _2lcc
_cBK
999 _c20733
_d20732